000 00271nam a2200109Ia 4500
008 190912s9999||||xx |||||||||||||| ||und||
100 _aHerbert Schildt
245 4 _aThe Complete Reference Java 2
260 _aNew York
_bEducation
_c2001
300 _a1077
942 _cBK
999 _c7584
_d7584